Urban life in the middle ages, 1000-1450 (Record no. 87130)

MARC details
000 -LEADER
fixed length control field 00660nam a2200205Ia 4500
008 - FIXED-LENGTH DATA ELEMENTS--GENERAL INFORMATION
fixed length control field 191130s2002##################000#0#eng##
020 ## - INTERNATIONAL STANDARD BOOK NUMBER
ISBN 9780333712481
082 ## - DEWEY DECIMAL CLASSIFICATION NUMBER
Classification number 307.760940902 LIL
100 ## - MAIN ENTRY--AUTHOR NAME
Personal name Lilley, Keith D
245 ## - TITLE STATEMENT
Title Urban life in the middle ages, 1000-1450
Statement of responsibility, etc Keith D. Lilley
260 ## - PUBLICATION, DISTRIBUTION, ETC. (IMPRINT)
Place of publication Basingstoke, Hampshire
Name of publisher Palgrave
Year of publication c2002
300 ## - PHYSICAL DESCRIPTION
Number of Pages xvi, 295 p. : ill., maps ; 22 cm
500 ## - GENERAL NOTE
General note Includes bibliographical references (p. 254-278) and index
650 ## - SUBJECT ADDED ENTRY--TOPICAL TERM
Topical Term Cities and towns, Medieval
Topical Term Civilization, Medieval
991 ## -
-- 197974
Holdings
Withdrawn status Lost status Damaged status Not for loan Home library Current library Shelving location Date acquired Full call number Accession Number Price effective from Koha item type
        Anna Centenary Library Anna Centenary Library 3RD FLOOR, B WING 09.10.2020 307.760940902 LIL 306508 09.10.2020 English Books

Find us on the map